Southville International School and Colleges
Your cart is empty.
  • Cart
  • Lists
    Public lists list_1 View all
    Your lists Log in to create your own lists
  • Log in to your account
  • Your cookies
  • Search history
Southville International School and Colleges
  • Advanced search
  • Recent comments
  • Most popular
  • Libraries

Log in to your account

Log in with GOOGLE


If you do not have an external account, but do have a local account, you can still log in:

  1. Home
  2. MARC view: Si Duglit: ang dugong makulit /
Normal view MARC view ISBD view

Si Duglit: ang dugong makulit / (Record no. 102380)

[ view plain ]
MARC details
000 -LEADER
fixed length control field 00648nam a2200169 a 4500
005 - DATE AND TIME OF LATEST TRANSACTION
control field 20140412111235.0
008 - FIXED-LENGTH DATA ELEMENTS--GENERAL INFORMATION
fixed length control field 010530s19uu xx 00 eng d
020 ## - INTERNATIONAL STANDARD BOOK NUMBER
International Standard Book Number 971-511-397-4
050 ## - LIBRARY OF CONGRESS CALL NUMBER
Classification number Fil E
Item number Du85 1995
100 ## - MAIN ENTRY--PERSONAL NAME
Personal name Gatmaitan, Luis
245 ## - TITLE STATEMENT
Title Si Duglit: ang dugong makulit /
Statement of responsibility, etc Story by Luis Gatmaitan, M.D.; illustrated by Leo Cultura.
260 ## - PUBLICATION, DISTRIBUTION, ETC. (IMPRINT)
Place of publication, distribution, etc Manila :
Name of publisher, distributor, etc Hiyas Children's Collection,
Date of publication, distribution, etc 1995.
300 ## - PHYSICAL DESCRIPTION
Extent 1v. (unp.) ; ill.
520 ## - SUMMARY, ETC.
Summary, etc How important is a blodd cell to a man's life? This was discovered by Duglit, the youngest blood cell inside Mang Omeng's body.
650 ## - SUBJECT ADDED ENTRY--TOPICAL TERM
Topical term or geographic name as entry element Health-Juvenile literature
Holdings
Withdrawn status Lost status Damaged status Use restrictions Home library Current library Shelving location Date acquired Source of acquisition Total Checkouts Full call number Barcode Date last seen Price effective from Koha item type
        Elizalde Library Elizalde Library Filipiniana Section 05/30/2001     Fil E Du85 1995 E1539 04/12/2014 04/12/2014 Books

Si Duglit: ang dugong makulit /

APA

Gatmaitan L., . (1995). Si Duglit: ang dugong makulit. Manila: Hiyas Children's Collection.

Chicago

Gatmaitan Luis, . 1995. Si Duglit: ang dugong makulit. Manila: Hiyas Children's Collection.

Harvard

Gatmaitan L., . (1995). Si Duglit: ang dugong makulit. Manila: Hiyas Children's Collection.

MLA

Gatmaitan Luis, . Si Duglit: ang dugong makulit. Manila: Hiyas Children's Collection. 1995.

  • Place hold
  • Print
  • Cite
  • Add to your cart (remove)
  • Save record
    BIBTEX Dublin Core MARCXML MARC (non-Unicode/MARC-8) MARC (Unicode/UTF-8) MARC (Unicode/UTF-8, Standard) MODS (XML) RIS
  • More searches
    Search for this title in:
    Other Libraries (WorldCat) Other Databases (Google Scholar) Online Stores (Bookfinder.com) Open Library (openlibrary.org)

Exporting to Dublin Core...

SOUTHVILLE LIBRARY

Southville International School and Colleges Library

1281 Tropical Ave. Cor. Luxembourg St., BF Homes International, Las Pinas City

Tel. No. 8256374 / 252358 Loc. 117/146

Powered by Koha